| 000 | 00582nam a2200205Ia 4500 | ||
|---|---|---|---|
| 001 | 11843 | ||
| 003 | GE_BSU | ||
| 008 | 181216s||||||||xx |||||||||||||| ||und|| | ||
| 040 | _cGE_BSU | ||
| 080 | _a631.5(075.32)+631.6(075.32) | ||
| 100 | _aКоролев,А.В. | ||
| 245 | _aОбщее земледелие с мелиорацией | ||
| 245 | _cРед. Пенькова Г.А. | ||
| 260 | _aЛенинград | ||
| 260 | _bКолос | ||
| 260 | _c1967 | ||
| 300 | _a399стр.22см. | ||
| 653 | _aОбщее земледелие с мелиорацией | ||
| 942 | _cBK | ||
| 999 |
_c45022 _d45022 |
||